La Població de senglar al Montseny : introducció a la biologia de l'espècie / Carme Rossell i Pagès introducció a la biologia de l'espècie / Carme Rossell i Pagès
Descripción Física:
38 p. : il. ; 30 cm
Materias:
Senglars -- Montseny
MARC
| LEADER | 00000nam a2200000Ia 4500 | ||
|---|---|---|---|
| 001 | 7605 | ||
| 008 | 160829s1988 xx 000 0 cat d | ||
| 080 | |a FU-20-12 | ||
| 100 | |a Rosell, Carme |9 25582 | ||
| 245 | |a La Població de senglar al Montseny : |b introducció a la biologia de l'espècie / Carme Rossell i Pagès | ||
| 260 | |a Barcelona : |b Diputació de Barcelona. Servei de Parcs Naturals, |c 1988 | ||
| 300 | |a 38 p. : |b il. ; |c 30 cm | ||
| 650 | |a Senglars |x Montseny |9 25583 | ||
| 710 | |a Barcelona (Catalunya : Província). |b Servei de Parcs Naturals |9 53492 | ||
| 901 | |a Arxiu | ||
| 942 | |n 1 | ||
| 952 | |0 0 |1 0 |4 0 |6 FU2012 |7 1 |9 43685 |a Arxiu |b Arxiu |d 2016-12-01 |l 0 |o FU-20-12 |p 7605 |r 2016-12-01 00:00:00 |w 2016-12-01 |y ARXIU | ||
| 999 | |c 46233 |d 46233 | ||